000 00896nam a2200289 4500
001 73910
005 20260408111226.0
010 _a9789724428437
021 _aPT
_b542848/25
090 _a73910
100 _a20250509d2025 m y0pory50030103ba
101 1 _apor
_ceng
102 _aPT
105 _ay z 001yy
106 _ar
200 1 _aComo deuses entre os homens
_euma história dos ricos no Ocidente
_fGuido Alfani
_gtrad. Pedro Elói Duarte
210 9 _aCoimbra
_cEdições 70
_d2025
215 _a496 p.
225 2 _aHistória narrativa
_v84
304 _aTít. orig.: As Gods among men : a history of the rich in the West
675 _a330.56-058.3(4+7)(091)
_vBN
_zpor
675 _a316.343-058.3(4+7)(091)
_vBN
_zpor
675 _a330.14-058.3(4+7)(091)
_vBN
_zpor
700 1 _aAlfani
_bGuido
_f1976-
_954167
702 _aDuarte
_bPedro Elói
_4730
_917828
801 0 _aPT
_bBN
_gRPC
942 _cMON